Estat de comptes : (Comprès del 1r. novembre 1933 al 31 desembre 1934) : Convocatòria : Llista escalafó dels associats / Mutualitat de la Unió d'Obrers de la Casa de Caritat... (Comprès del 1r. novembre 1933 al 31 desembre 1934) :
Descripción Física:
16 p. ; 22 cm
MARC
| LEADER | 00000nam a2200000Ia 4500 | ||
|---|---|---|---|
| 001 | 9219 | ||
| 003 | BGR | ||
| 005 | 20260410113635.0 | ||
| 008 | 160829s1935 xx 000 0 cat d | ||
| 080 | |a RF-7-2 | ||
| 110 | 2 | |a Mutualitat de la Unió d'Obrers de la Casa de Caritat (Barcelona, Catalunya) |9 54369 | |
| 245 | |a Estat de comptes : |b (Comprès del 1r. novembre 1933 al 31 desembre 1934) : |b Convocatòria : |b Llista escalafó dels associats / Mutualitat de la Unió d'Obrers de la Casa de Caritat... | ||
| 260 | |a Barcelona : |b (Imp. de la Casa Caritat), |c 1935 | ||
| 300 | |a 16 p. ; |c 22 cm | ||
| 590 | |a Abans del títol: Associació de Funcionaris de la Generalitat de Catalunya. | ||
| 590 | |a Prové de J-1620. | ||
| 590 | |a Hi ha un duplicat a: DUP-21-89 | ||
| 650 | |a Casa de Caritat (Barcelona). Mutualitat de la Unió d'Obrers |x Comptabilitat |9 29014 | ||
| 710 | |a Casa de Caritat (Barcelona, Catalunya) |9 52406 | ||
| 710 | 2 | |a Associació de Funcionaris de la Generalitat de Catalunya |9 70536 | |
| 856 | 4 | |u https://media.diba.cat/diba/fitxers/arxiu/fulletons/bib_9219_1935_baixa.pdf |y Accés lliure | |
| 856 | 4 | |u https://media.diba.cat/diba/fitxers/arxiu/fulletons/bib_9219_1935_baixa.pdf |y Accés lliure | |
| 900 | |a bib_9219_1935_baixa.pdf | ||
| 901 | |a Arxiu | ||
| 942 | |n 1 |2 udc |c MON | ||
| 952 | |0 0 |1 0 |4 0 |6 RF72 |7 1 |9 53538 |a Arxiu |b Arxiu |d 2016-12-01 |l 0 |o RF-7-2 |p 9219 |r 2016-12-01 00:00:00 |w 2016-12-01 |y ARXIU | ||
| 999 | |c 57404 |d 57404 | ||